| 000 | 00542nam a2200133Ia 4500 | ||
|---|---|---|---|
| 008 | 100328s9999 xx 000 0 und d | ||
| 082 | _b7384 | ||
| 100 | _aदेव शंकरराव | ||
| 245 | _aश्री समर्थ चरित्र व्दितीय खंड | ||
| 260 | _bश्रीसमर्थ सदन | ||
| 630 | _aश्री समर्थ चरित्र व्दितीय खंड | ||
| 730 | _aश्री समर्थ चरित्र व्दितीय खंड | ||
| 942 | _cBOOK | ||
| 999 |
_c503211 _d503208 |
||